00736nam a2200181 a 450000100060000000300090000600800410001502000150005604000280007108200170009910000250011624500520014126000500019330000110024349000420025450502340029665000240053019794CO-ViMGA141112s2004 ck r 000 u spa d a9968380814 aCO-ViMGAbspacCO-ViMGA04a345.7 Ch468i1 aChiovenda, Giusseppe10aInstituciones de derecho procesal civil. Vol. 4 aMexico : bEd. Juridica Universitaria, c2001 a672 p. aClásicos del derecho procesal civil aConceptos fundamentales : ley, derecho, acción Proceso civil y relación jurídico - procesal Actuación de la ley en el proceso civil. relaciones procesales. Sentencias. oposicion. apelacion. revision. recurso de casación14aPROCEDIMIENTO CIVIL